[Event "Norway Chess 1st"]
[Site "Stavanger"]
[Date "2013.05.10"]
[Round "3"]
[White "Anand, Viswanathan"]
[Black "Topalov, Veselin"]
[Result "1-0"]
[WhiteElo "2783"]
[BlackElo "2793"]
[Annotator "Szabo,Kr"]
[PlyCount "81"]
[EventDate "2013.05.08"]
[EventType "tourn"]
[EventRounds "9"]
[EventCountry "NOR"]
[EventCategory "21"]
[SourceTitle "CBM 155"]
[Source "ChessBase"]
[SourceDate "2013.07.16"]
[SourceVersion "1"]
[SourceVersionDate "2013.07.16"]
[SourceQuality "1"]

1. e4 c5 2. Nf3 d6 3. d4 cxd4 4. Nxd4 Nf6 5. Nc3 a6 6. Be3 e5 7. Nb3 Be6 8. f3
Be7 9. Qd2 O-O 10. O-O-O Nbd7 11. g4 b5 12. Rg1 {The main line is 12.g5, but
nowadays the text move has become very popular. Actually Anand was the first
to play it himself in 2006 against Morozevich.} Nb6 (12... b4 {is the other
possibility.} 13. Nd5 Bxd5 14. exd5 a5 15. g5 Nh5 16. Kb1 a4 17. Nc1 {with a
slightly better position for White. Now we can understand the main idea behind
the 12.Rg1 move, that the R will join the battle from g4!}) 13. Na5 $1 {
A very typical reaction in this 12.Rg1 line. White avoids Nc4 and also
prepares for a positional P sacrifice after Nd5.} Rc8 ({In the event of} 13...
Qc7 14. g5 Nh5 15. Nd5 Bxd5 16. exd5 Nxd5 17. Qxd5 Qxa5 18. Kb1 ({or} 18. Bd3 {
. White has sacrificed a P, but the d5 square and the B pair give a nice
compensation for that. White's plan is Rg4 and c4, or Be4.})) 14. g5 Nh5 15.
Kb1 Nf4 {Topalov prevents Nd5, so b4 is threatening now.} (15... b4 {is too
early, as} 16. Nd5 $1 Nxd5 17. exd5 Qxa5 18. dxe6 fxe6 19. Bh3 {and Black
cannot protect the e6 P. For example:} Kf7 $2 20. g6+ $1 hxg6 21. Qg2 $18 {
and White wins.}) (15... g6 {was a game between Anand-Karjakin} 16. Nd5 (16. a3
$5 Qc7 (16... Nf4 {is transposing to the game.}) 17. Nd5 Nxd5 18. exd5 Bxd5 19.
Qxd5 Qxa5 20. Bd3 Rfd8 21. Rg4 Rb8 22. Rh4 $1 {A very strong move. Now Black
can't avoid Rxh5 and Qe4 with a decisive attack.} Qc7 23. Rxh5 $1 gxh5 24. Qe4
f5 25. Qxf5 Bf8 26. g6 $18 {with a winning attack, Ter Sahakyan-Y.Wei, Athens
2012.}) 16... Nxd5 17. exd5 Bxd5 18. Qxd5 Qxa5 19. c4 (19. Bd3 $5) 19... Nf4 (
19... Rb8 20. Rg4 Ng7 21. h4 Nf5 22. Bf2 Bd8 23. cxb5 axb5 24. Bd3 b4 25. Qb3
$44 {Anand-Karjakin, Nice rapid 2009}) 20. Bxf4 exf4 21. cxb5 axb5 22. Qxb5 Qa7
$13 {with a double-edged fight.}) 16. a3 g6 $146 {The first novelty in the
game.} (16... Qc7 {was an alternative} 17. Bxf4 exf4 18. Nd5 Nxd5 19. exd5 Bxd5
20. Qxd5 Qxa5 21. Bd3 g6 22. h4 Rc5 23. Qe4 Re5 24. Qxf4 Rb8 25. c3 Qb6 26. Bc2
a5 27. Bb3 $36 {and White has some initiative, Dominguez Perez-Van Wely, Wijk
aan Zee 2010.}) 17. h4 Qc7 (17... d5 {could have been met by} 18. Bxf4 exf4 19.
Nxd5 Nxd5 20. exd5 Bxd5 21. Qxd5 Qxa5 22. Bd3 Rfd8 23. Qb3 Rc5 24. Be4 $14 {
and White is slightly better, because his B is stronger, than his opponent's.})
18. Bxf4 exf4 19. Nd5 $1 Bxd5 20. exd5 Nxd5 {This is forced, otherwise Nc6 is
very unpleasant.} 21. Qxd5 Qxa5 (21... Qxc2+ $2 {is only a check,} 22. Ka1 {
and now we can understand 16.a3, otherwise White gets mated on the back rank
with Qc1.}) 22. Rg4 $1 {The R comes immediately into play. White wins back the
P, then thanks to his better B and the attack with h5, his chances are better.}
(22. Bd3 {transposes to 16...Qc7.}) 22... Rc5 23. Qb3 d5 ({In the event of} 
23... Rf5 24. Bd3 {followed by Rxf4.}) 24. Rxf4 {Now we can understand Anand's
17th move. The g5 P is protected} Qc7 25. Rfd4 Qh2 {Topalov wants to
complicate the play, he tries to create some counterplay with his Q in the
opponent's position.} ({After} 25... Rd8 {White can continue with} 26. f4 $1 {
and White's position is more promising, he threatens with Bg2 or f5.}) 26. c3 {
A deep cold-blooded reaction. Anand doesn't hurry with the takes on d5. The
plan will be understandable on the next move.} Rd8 27. Qc2 $1 {This is the
point of c3. White would like to exchange the Q, as the endgame is much better
to him.} Qg3 {Of course...} (27... Qxc2+ $6 28. Kxc2 f6 29. f4 $16 {followed
by Bg2 and the d5 P is lost.}) 28. f4 {Prepares for Bg2.} Bd6 $6 ({Probably} 
28... Qxh4 {should have been played, however White has also a slight advantage
after} 29. Bg2 Rc4 $1 30. Bxd5 Rxd4 31. Rxd4 $14 {but still Black has some
drawing chances after} Kf8 {.}) 29. Bg2 Bxf4 30. Bxd5 {White has a big
advantage, because his B is much better and the f7 P is also very weak.} Kg7
31. Qe4 $1 $16 {A very strong move again... Anand protects the d5 B and
prepares for Rf1!} Qe3 (31... Be5 $2 {loses to} 32. Rf1 $1 Bxd4 33. Qxd4+ $18)
32. Qh1 $1 {Of course... White doesn't change Q, as he hopes for some attack.}
Rd7 33. R1d3 $6 (33. Qf1 $1 {was the best and in the event of} Be5 34. R4d3 $1
Qf4 35. Rf3 $1 $18 {White wins.}) 33... Qe5 $2 {Loses immediately, but Black's
position was already difficult.} (33... Qf2 34. Qe4 $1 (34. Rf3 $2 Qxd4 $1 35.
cxd4 Rc1+ {and Black escapes.}) 34... Qxh4 35. Bb3 $1 {and Black's position is
hopeless.}) ({Maybe} 33... Qe2 {gives the best chance, but after} 34. Rd1 {
White can improve his pieces.}) 34. Qf3 $1 $18 Bh2 35. Be6 {A very pretty
winning move, although it wasn't the only one.} ({The simple} 35. Bb3 $18 {
was also good.}) 35... Re7 36. Re4 Rxe6 37. Rxe5 Rcxe5 38. Rd8 Re4 39. Ka2 Bf4
40. Rd7 Kg8 41. Ra7 {This was a nice win by Anand!} 1-0

[Event "Candidates Tournament"]
[Site "Khanty-Mansiysk"]
[Date "2014.03.13"]
[Round "1"]
[White "Anand, Viswanathan"]
[Black "Aronian, Levon"]
[Result "1-0"]
[WhiteElo "2770"]
[BlackElo "2830"]
[Annotator "Postny,E"]
[PlyCount "93"]
[EventDate "2014.03.13"]
[EventType "tourn"]
[EventRounds "14"]
[EventCountry "RUS"]
[EventCategory "21"]
[SourceTitle "CBM 160"]
[Source "ChessBase"]
[SourceDate "2014.05.15"]
[SourceVersion "1"]
[SourceVersionDate "2014.05.15"]
[SourceQuality "1"]

1. e4 e5 2. Nf3 Nc6 3. Bb5 a6 4. Ba4 Nf6 5. O-O Be7 6. Re1 b5 7. Bb3 O-O 8. h3
{This is one of the ways to avoid the Marshall.} Bb7 9. d3 d5 {Still, if Black
insists on sacrificing the pawn, he can do just that.} 10. exd5 Nxd5 11. Nbd2 {
Anand repeats the move he employed last year against Caruana.} ({After} 11.
Nxe5 {Black has a choice between} Nxe5 ({or} 11... Nd4) 12. Rxe5 Qd6 {In both
cases he has adequate compensation.}) (11. c3 {has appeared numerous times as
well, but Black has achieved fine results after} Qd7) 11... Qd7 $146 {Levon
immediately comes up with a novelty.} (11... f6 12. c3 (12. c4 bxc4 13. Nxc4
Bb4 14. Bd2 Kh8 15. d4 exd4 16. Bxb4 Ndxb4 17. a3 Nd5 18. Nxd4 Nf4 19. Nxc6
Bxc6 20. Qxd8 Rfxd8 $11 {1/2-1/2 (50) Dominguez Perez,L (2726)-Kasimdzhanov,R 
(2696) Tashkent 2012}) 12... Kh8 13. Bc2 (13. d4 exd4 14. cxd4 {is worthy to
be checked in practice. The isolated pawn is a drawback, but White will have
some dynamic play exploting some weak spots in Black's camp.}) 13... Qd7 14.
Nb3 a5 15. a4 bxa4 16. Rxa4 Ncb4 17. Rxa5 Nxc2 18. Qxc2 Nb6 19. Rxa8 Rxa8 $44 {
0-1 (47) Anand,V (2786)-Caruana,F (2774) Moscow 2013}) (11... Nf4 12. Ne4 Na5
13. Bxf4 exf4 14. d4 Nxb3 15. axb3 Qd7 16. Qd3 Rad8 17. c4 Bb4 18. Nc3 bxc4 19.
bxc4 Bxf3 20. Qxf3 Qxd4 $11 {1/2-1/2 (24) Giri,A (2737)-Tomashevsky,E (2706)
Elancourt 2013}) 12. Nxe5 {Accepting the challenge.} Nxe5 13. Rxe5 Nf6 (13...
Nf4 $6 14. Nf3 {and now the piece sacrifice} Nxh3+ $2 {doesn't work in view of}
15. gxh3 Qxh3 16. Bd5 Qg4+ 17. Kf1 Qh3+ 18. Ke2 {The king escapes safely.}) 14.
Re1 {The rook should go back as it is vulnerable in the centre.} Rae8 {Black
doesn't have immediate threats, but the activity of all his pieces normally
yields him enough play to maintain the balance, which is quite typical for
this line.} 15. Nf3 Bd6 (15... Qf5 $6 16. Nh4 {and the queen has to go back,
losing time.}) 16. Be3 Re7 $6 {This is too innocuous. Black's play should be
somewhat more dynamic.} (16... Nd5 {It's recommended for Black to get one of
the opponent's bishops.} 17. a4 (17. Bd2 Rxe1+ 18. Nxe1 Qf5 19. Qg4 Qe5 {
With a double threat on h2 and b2.} 20. Nf3 Qxb2 21. Re1 $11) (17. Bxd5 Bxd5 {
[%csl Gd5,Gd6] is clearly okay for Black.}) 17... Nxe3 18. Rxe3 Rxe3 19. fxe3
Re8 $5 (19... c5 {is also perfectly playable.}) 20. Ng5 {Some exciting
variations could arise here.} Qe7 $1 21. Bxf7+ Kf8 (21... Kh8 $6 22. Bxe8 Qxe3+
23. Kh1 Qxg5 24. Qg1 $8 (24. Qg4 $4 Qe5 $19 {[%cal Ge5h2,Ge5e8]}) 24... Qf5 {
[%csl Rh3]} 25. Qe3 Bc5 26. d4 Bxd4 27. Qg3 $14) 22. Bxe8 (22. Qf1 Qxe3+ 23.
Kh1 Qxg5 24. Bd5+ Bf4 25. Bxb7 Qg3 26. Qg1 Re2 27. Rf1 Rxc2 28. Rf3 Rc1 29.
Rxg3 Rxg1+ 30. Kxg1 Bxg3 $11) 22... Qxe3+ 23. Kh1 Qxg5 24. Qe2 g6 $1 25. Rf1+
Kg7 26. axb5 Qg3 27. Rf7+ Kg8 28. Kg1 Bc5+ 29. Kf1 Qg5 30. bxa6 Bxg2+ 31. Qxg2
Qc1+ 32. Ke2 Qxc2+ 33. Kf3 Qxd3+ 34. Kg4 Qc4+ 35. Rf4 Qe6+ {Black gives a
perpetual check.}) 17. d4 (17. a4 {It also makes sense to open the a-file, but
after} c5 {it won't be easy for White to play d3-d4 and perform the
simplifying idea that Anand realised a couple of moves later.}) 17... Rfe8 (
17... Nd5 18. Bd2 Rxe1+ 19. Nxe1 Qf5 20. Qg4 $16 {Black doesn't have the move
Qf5-e5 as in the line 16...Nd5.}) 18. c3 h6 {Probably Levon underestimated the
consequences of the move that now follows. On the other hand, it seems that
White is already better. The pressure along the e-file doesn't bring Black any
dividends.} (18... Nd5 19. Bd2 Rxe1+ 20. Nxe1 c5 21. dxc5 Bxc5 22. Nd3 Bb6 23.
Qg4 $14) 19. Ne5 $1 {Sacrificing back the pawn just at the right moment.} Bxe5
20. dxe5 Rxe5 (20... Qc6 21. f3 Rxe5 22. Qd2 $14) 21. Qxd7 Nxd7 22. Red1 {
White's two bishops are not going to allow Black to enjoy this endgame.} Nf6 $6
{I think here was the last chance to change the course of the game.} (22... Nc5
$5 23. Bxc5 Rxc5 24. Rd7 Re2 25. Bxf7+ (25. Rxf7 Bd5 26. Rf5 c6 27. Rb1 g6 $14
{getting rid of the pin across the fifth rank}) 25... Kh7 {Black is a pawn
down, but has decent chances to hold thanks to his active rook.}) 23. c4 $1 c6
$6 {This is an ugly move to play, but Black's position is really unpleasant.} (
23... bxc4 24. Bxc4 Nd5 25. Bd4 R5e7 26. Rac1 Nf4 27. Bf1 $16) 24. Rac1 R5e7
25. a4 $1 bxc4 26. Bxc4 {Now White enjoys the pair of powerful bishops and the
superior pawn structure.} Nd5 27. Bc5 Re4 28. f3 R4e5 29. Kf2 {Slowly, but
surely Anand improves his position.} Bc8 30. Bf1 R5e6 31. Rd3 {The rook is
going to find some penetration squares on the b-file.} Nf4 32. Rb3 Rd8 33. Be3
(33. Rb8 Ree8 34. Ba3 Nd3+ 35. Bxd3 Rxd3 36. Rxc6 {was also great for White,
but, at least here Black has some hope thanks to the opposite coloured bishops.
}) 33... Nd5 34. Bd2 Nf6 (34... Bd7 35. Bxa6 Ra8 36. Bc4 Rxa4 37. Ra3 Rxa3 38.
bxa3 {The passed a-pawn will most likely decide the game in White's favour.})
35. Ba5 Rde8 36. Rb6 Re5 37. Bc3 Nd5 38. Bxe5 Nxb6 39. Bd4 $1 (39. Rxc6 Nd5 40.
Rc5 $18) 39... Nxa4 {The knight will not be able to come out alive from a4,
but I wouldn't even put a question mark to this move, as Black's position is
beyond saving anyway.} 40. Rxc6 Rd8 41. Rc4 Bd7 (41... Nxb2 42. Bxb2 Rd2+ 43.
Ke3 Rxb2 44. Rxc8+ $18) 42. b3 Bb5 43. Rb4 Nb2 44. Bxb5 axb5 45. Ke3 Re8+ 46.
Kd2 Rd8 47. Kc3 {A very good game by Anand, which definitely gave him a boost
of confidence from the very beginning of the Candidates tournament.} (47. Kc3
Nd1+ 48. Kc2 {[%csl Rd1] capturing the knight.}) 1-0

[Event "Zuerich Chess Challenge 4th"]
[Site "Zuerich"]
[Date "2015.02.15"]
[Round "2"]
[White "Anand, Viswanathan"]
[Black "Aronian, Levon"]
[Result "1-0"]
[WhiteElo "2797"]
[BlackElo "2777"]
[Annotator "Roiz,M"]
[PlyCount "55"]
[EventDate "2015.02.14"]
[EventType "tourn"]
[EventRounds "5"]
[EventCountry "SUI"]
[EventCategory "22"]
[SourceTitle "CBM 165"]
[Source "ChessBase"]
[SourceDate "2015.03.11"]
[SourceVersion "1"]
[SourceVersionDate "2015.03.11"]
[SourceQuality "1"]

1. d4 Nf6 2. c4 g6 3. Nc3 d5 4. Nf3 Bg7 5. Qb3 dxc4 6. Qxc4 O-O 7. e4 Na6 8.
Be2 c5 9. d5 e6 10. O-O exd5 11. exd5 Re8 12. Rd1 {Vishy deviates from his
previous game in this line.} ({A few months before} 12. Bg5 {was played in the
World Championship match vs Magnus Carlsen. After} h6 13. Be3 Bf5 14. Rad1 Ne4
15. Nxe4 Bxe4 16. Qc1 {Black had some problems to solve in Anand,V (2792)
-Carlsen,M (2863)/Sochi RUS 2014 (32).}) 12... Bf5 13. d6 h6 {This position is
well-known since the famous Kasparov-Karpov match.} 14. Be3 {This time Anand
chooses a rare continuation, which could come as a surprise for his opponent.}
({The following alternatives lead to a very complex battle either:} 14. Bf4 Nd7
(14... Ne4 15. Bd3 Nxc3 16. bxc3 Bxd3 17. Rxd3 $36 {1/2-1/2 (45) Zakhartsov,V 
(2536)-Smirnov,A (2413)/Kazan RUS 2013}) 15. Rd2 (15. Qb3 $5) 15... Nb4 16. Qb3
Be6 17. Bc4 Nb6 18. Bxe6 Rxe6 $132 {0-1 (60) Rusev,K (2547)-Drenchev,P (2477)/
Blagoevgrad 2010/CBM 134 Extra}) (14. h3 Nb4 15. Bf4 Nd7 16. Rd2 a6 17. Qb3 b5
18. Qd1 c4 $132 {1/2-1/2 (43) Karpov,A (2700)-Kasparov,G (2740)/Seville 1987})
14... Ng4 $146 {This principal response is the only way to fight for equality.}
({In the preceding games White was clearly better:} 14... Bd7 15. Rd2 (15. Qb3
Bc6 16. Bb5 $36) 15... Qa5 16. Rad1 Rad8 17. h3 $14 {0-1 (38) Reilly,T (2315)
-Tukmakov,V (2600)/Antwerp 1993}) (14... Ne4 15. Qb3 Nxc3 16. bxc3 Be4 17. Bb5
$16 {1-0 (24) Volkov,S (2612)-Nedilko,V (2400)/Rijeka 2010/CBM 136}) 15. Bf4 {
That move is connected with a piece sacrifice, but White cannot let Black to
exchange their dark-squared bishop for free.} Bxc3 {At his turn, Levon had to
exchange his strong bisop either in order to justify his previous move.} (15...
Qa5 16. h3 Nf6 17. Ne5 Be6 18. Qb5 $16) (15... Nf6 16. Ne5 Be6 17. Qb5 Qb6 18.
Bg3 Rad8 19. Na4 Qxb5 20. Bxb5 $16) 16. bxc3 Re4 17. Qb5 Rxf4 18. Qxb7 {
No doubt, that line was prepared well by Anand before the game. Black is a
piece up, but the lack of harmony doesn't allow them to keep the material
advantage.} Ra4 (18... c4 $1 19. Qxa6 Bd3 20. Bxd3 ({White may deviate from it
by means of:} 20. Rxd3 cxd3 21. Qxd3 {but after} Qb6 22. Nd4 Nxf2 23. Qe3 Qxd6
24. Rf1 Rc8 {Black should be OK}) 20... Rxf3 $1 21. gxf3 Qh4 22. fxg4 Qxg4+ 23.
Kf1 Qh3+ 24. Ke1 Re8+ 25. Be2 Qg4 26. f3 Qg1+ 27. Kd2 Qg5+ 28. Ke1 Qg1+ $11)
19. d7 {The strong passer enables White to avoid any risk.} ({Of course, not} 
19. Bxa6 $2 Rb8 20. Qc6 Bd7 21. Qxc5 Rxa6 $19) 19... Be4 {After that move
Black's minor pieces are getting very vulnerable.} ({Possibly, the best way to
solve the problems was} 19... Nc7 $5 20. h3 Nxf2 $1 ({worse is:} 20... Nf6 21.
Ne5 Nxd7 22. Nxf7 Kxf7 23. Qb3+ Kg7 24. Qxa4 Qe7 25. Re1 {and the exposed
placement of Black's king still may be a cause of warnings.}) 21. Kxf2 Bxd7 22.
Bb5 Nxb5 23. Rxd7 {this position looks extremely dangerous, but Black should
be able to keep the ballance after} Qb8 24. Qd5 Qf8 $1 25. Ne5 (25. Qb3 Ra5 26.
Ne5 c4 27. Qxc4 (27. Qb4 Qxb4 28. cxb4 Ra4 $11) 27... Rc8 28. Rxf7 Rxc4 29.
Rxf8+ Kxf8 30. Nxc4 Ra6 $11) 25... Nxc3 26. Qd3 Ne4+ 27. Kg1 Re8 28. Nxf7 Rd4
29. Rxd4 cxd4 30. Rf1 Qg7 31. Rf4 Kh7 $11) 20. Qb3 Bc6 $2 {Unfortunately for
Levon, one serious mistake leads to a hopeless position by forced.} ({The only
way to stay in the game was} 20... Ra5 21. Nd2 (21. Rd6 Qe7 22. Rad1 Rd8 23.
Bxa6 Bxf3 24. gxf3 Ne3 $1 25. fxe3 Qxe3+ 26. Kf1 ({After} 26. Kg2 c4 $1 {
[%cal Ga5g5]} 27. Rxg6+ fxg6 28. Qxc4+ Kg7 {Black is by no means worse}) 26...
Qxf3+ 27. Ke1 Rxa6 28. Rxa6 Qe3+ 29. Kf1 Qf3+ $11) 21... Bxg2 $1 {It looks
like Black is able to exploit some vulnerablity of White's king in all the
cases. For instance,} ({The prosaic} 21... Bf5 {leads to an inferior edngame
after} 22. Nc4 Nxf2 23. Nxa5 Nxd1 24. Nb7 Qxd7 25. Rxd1 Qc6 26. Rd8+ Rxd8 27.
Qxf7+ $1 Kxf7 28. Nxd8+ Kf6 29. Nxc6 $14) 22. Bxg4 (22. Kxg2 Qh4 23. Nf3 Qxf2+
24. Kh1 Qxe2 25. d8=Q+ Rxd8 26. Rxd8+ Kg7 27. c4 Nf2+ 28. Kg1 Nh3+ $11) (22.
Nc4 Rb8 23. Nxa5 (23. Qc2 Nxf2 $1 24. Kxf2 Ba8 25. Nxa5 Qf6+ 26. Kg1 Qg5+ $11)
23... Rxb3 24. axb3 Nxf2 $1 25. Kxf2 Bh3 26. Bxa6 Qf6+ 27. Kg3 Bxd7 $132) 22...
Qg5 23. c4 Qxg4 24. Qg3 Qxg3 25. hxg3 Rd8 26. Nb3 Ra4 27. Kxg2 Rxc4 28. Na5 Rd4
29. Nc6 R8xd7 30. Nxd4 cxd4 31. Rab1 Nc5 $14 {with good drawing chances.}) 21.
Rd6 $1 Bxd7 ({Completely hopeless is} 21... Rb8 22. Qd1 Bxf3 23. Bxf3 $18) 22.
Rad1 $18 {Black cannot avoid a massive loss of material. The rest looks like a
desperation.} Qb8 23. Rxd7 Qxb3 24. axb3 Ra2 25. Bc4 ({Another possible way to
win the piece was} 25. R7d2 Rxd2 (25... Ra3 26. h3 Nf6 27. Rd6 $18) 26. Nxd2
$18) 25... Rf8 {White has a wide choice of winning continuations here.} 26.
R7d6 (26. Rxa7 Nb4 27. Rxf7 Rxf7 28. cxb4 cxb4 29. h3 $18) (26. h3 Nxf2 27. Rf1
Ne4 28. Ne5 $18) 26... Kg7 27. Rxa6 Rxf2 28. Re1 1-0